[Event "Stay Safe Play From Home 295"]
[Site "Emanuel Lasker Arena"]
[Date "2020.07.12"]
[Round "7"]
[White "Parth11"]
[Black "Mepe_Nika"]
[Result "0-1"]
[WhiteElo "1413"]
[BlackElo "2364"]
[Annotator "NA"]
[PlyCount "78"]
[EventDate "2020.07.12"]
[EventType "swiss (blitz)"]

1. e4 {[%emt 0:00:02]} e5 {[%emt 0:00:01]} 2. Nf3 {[%emt 0:00:00]} Nc6 {[%emt 0:00:00]} 3. d3 {[%emt 0:00:00]} Nf6 {[%emt 0:00:01]} 4. c3 {[%emt 0:00:00]} d5 {[%emt 0:00:01]} 5. Be3 {[%emt 0:00:00]} d4 {[%emt 0:00:02]} 6. cxd4 {[%emt 0:00:03]} exd4 {[%emt 0:00:02]} 7. Bd2 {[%emt 0:00:00]} Be7 {[%emt 0:00:01]} 8. e5 {[%emt 0:00:01]} Nd5 {[%emt 0:00:01]} 9. a3 {[%emt 0:00:02]} O-O {[%emt 0:00:01]} 10. Be2 {[%emt 0:00:00]} Bg4 {[%emt 0:00:01]} 11. O-O {[%emt 0:00:00]} Bxf3 {[%emt 0:00:02]} 12. Bxf3 {[%emt 0:00:00]} Nxe5 {[%emt 0:00:01]} 13. Bf4 {[%emt 0:00:02]} Nxf4 {[%emt 0:00:03]} 14. Bxb7 {[%emt 0:00:01]} Rb8 {[%emt 0:00:01]} 15. Be4 {[%emt 0:00:03]} Rxb2 {[%emt 0:00:02]} 16. g3 {[%emt 0:00:01]} Ne2+ {[%emt 0:00:03]} 17. Kh1 {[%emt 0:00:02]} Nc3 {[%emt 0:00:01]} 18. Nxc3 {[%emt 0:00:01]} dxc3 {[%emt 0:00:00]} 19. d4 {[%emt 0:00:01]} Nc4 {[%emt 0:00:03]} 20. Rc1 {[%emt 0:00:01]} Nd2 {[%emt 0:00:04]} 21. Re1 {[%emt 0:00:02]} Qxd4 {[%emt 0:00:01]} 22. Bg2 {[%emt 0:00:03]} Qxf2 {[%emt 0:00:01]} 23. Re2 {[%emt 0:00:02]} Qd4 {[%emt 0:00:03]} 24. Re4 {[%emt 0:00:05]} Qc5 {[%emt 0:00:06]} 25. Re2 {[%emt 0:00:05]} Rd8 {[%emt 0:00:01]} 26. Qe1 {[%emt 0:00:05]} Bf8 {[%emt 0:00:03]} 27. Rd1 {[%emt 0:00:03]} Qxa3 {[%emt 0:00:01]} 28. Re8 {[%emt 0:00:02]} Rxe8 {[%emt 0:00:02]} 29. Qxe8 {[%emt 0:00:00]} Rb1 {[%emt 0:00:01]} 30. Qe1 {[%emt 0:00:03]} Rxd1 {[%emt 0:00:02]} 31. Qxd1 {[%emt 0:00:00]} Qb2 {[%emt 0:00:02]} 32. Bf3 {[%emt 0:00:01]} c2 {[%emt 0:00:01]} 33. Qxd2 {[%emt 0:00:02]} c1=Q+ {[%emt 0:00:00]} 34. Kg2 {[%emt 0:00:00]} Qbxd2+ {[%emt 0:00:01]} 35. Kh3 {[%emt 0:00:00]} Qf1+ {[%emt 0:00:01]} 36. Bg2 {[%emt 0:00:01]} Qd7+ {[%emt 0:00:01]} 37. Kh4 {[%emt 0:00:01]} Qxg2 {[%emt 0:00:00]} 38. h3 {[%emt 0:00:01]} Qgxh3+ {[%emt 0:00:01]} 39. Kg5 {[%emt 0:00:01]} Qhg4# {[%emt 0:00:00] (Lag: Av=0.65s, max=1.0s)} 0-1

[Event "Stay Safe Play From Home 295"]
[Site "Emanuel Lasker Arena"]
[Date "2020.07.12"]
[Round "8"]
[White "Broken sword"]
[Black "Parth11"]
[Result "1-0"]
[WhiteElo "2508"]
[BlackElo "1413"]
[Annotator "NA"]
[PlyCount "53"]
[EventDate "2020.07.12"]
[EventType "swiss (blitz)"]

1. e4 {[%emt 0:00:01]} e6 {[%emt 0:00:00]} 2. d4 {[%emt 0:00:01]} d5 {[%emt 0:00:00]} 3. Nd2 {[%emt 0:00:00]} dxe4 {[%emt 0:00:01]} 4. Nxe4 {[%emt 0:00:00]} Nf6 {[%emt 0:00:00]} 5. Nxf6+ {[%emt 0:00:01]} Qxf6 {[%emt 0:00:00]} 6. Nf3 {[%emt 0:00:00]} Bd6 {[%emt 0:00:01]} 7. Bg5 {[%emt 0:00:01]} Nc6 {[%emt 0:00:00]} 8. Bxf6 {[%emt 0:00:01]} gxf6 {[%emt 0:00:00]} 9. Bd3 {[%emt 0:00:01]} Bd7 {[%emt 0:00:00]} 10. c3 {[%emt 0:00:01]} O-O-O {[%emt 0:00:00]} 11. Qe2 {[%emt 0:00:00]} Rhg8 {[%emt 0:00:01]} 12. Bxh7 {[%emt 0:00:01]} Rg7 {[%emt 0:00:01]} 13. Be4 {[%emt 0:00:01]} f5 {[%emt 0:00:02]} 14. Bd3 {[%emt 0:00:01]} e5 {[%emt 0:00:00]} 15. dxe5 {[%emt 0:00:01]} Re8 {[%emt 0:00:01]} 16. O-O-O {[%emt 0:00:01]} Nxe5 {[%emt 0:00:02]} 17. Nxe5 {[%emt 0:00:00]} Bxe5 {[%emt 0:00:01]} 18. Qf3 {[%emt 0:00:02]} Bc6 {[%emt 0:00:02]} 19. Qxf5+ {[%emt 0:00:01]} Kb8 {[%emt 0:00:01]} 20. f3 {[%emt 0:00:01]} f6 {[%emt 0:00:09]} 21. g4 {[%emt 0:00:03]} Bd7 {[%emt 0:00:01]} 22. Qe4 {[%emt 0:00:03]} Bc6 {[%emt 0:00:03]} 23. Qe2 {[%emt 0:00:01]} Bf4+ {[%emt 0:00:02]} 24. Kc2 {[%emt 0:00:02]} Rxe2+ {[%emt 0:00:02]} 25. Bxe2 {[%emt 0:00:00]} b6 {[%emt 0:00:01]} 26. Ba6 {[%emt 0:00:01]} Bxf3 {[%emt 0:00:02]} 27. Rd8# {[%emt 0:00:02] (Lag: Av=0.85s, max=2.5s)} 1-0

[Event "Stay Safe Play From Home 295"]
[Site "Emanuel Lasker Arena"]
[Date "2020.07.12"]
[Round "8"]
[White "Mepe_Nika"]
[Black "Mamba2001de"]
[Result "1-0"]
[WhiteElo "2364"]
[BlackElo "1479"]
[Annotator "NA"]
[PlyCount "71"]
[EventDate "2020.07.12"]
[EventType "swiss (blitz)"]

1. d4 {[%emt 0:00:01]} e6 {[%emt 0:00:01]} 2. Bf4 {[%emt 0:00:01]} d5 {[%emt 0:00:01]} 3. e3 {[%emt 0:00:01]} Bd6 {[%emt 0:00:01]} 4. Bxd6 {[%emt 0:00:01]} Qxd6 {[%emt 0:00:01]} 5. c4 {[%emt 0:00:00]} Nf6 {[%emt 0:00:01]} 6. Nc3 {[%emt 0:00:01]} Qe7 {[%emt 0:00:00]} 7. Nf3 {[%emt 0:00:01]} c5 {[%emt 0:00:01]} 8. dxc5 {[%emt 0:00:01]} Qxc5 {[%emt 0:00:02]} 9. cxd5 {[%emt 0:00:00]} exd5 {[%emt 0:00:01]} 10. Bb5+ {[%emt 0:00:01]} Bd7 {[%emt 0:00:02]} 11. Bxd7+ {[%emt 0:00:01]} Nbxd7 {[%emt 0:00:01]} 12. O-O {[%emt 0:00:00]} O-O {[%emt 0:00:02]} 13. Rc1 {[%emt 0:00:00]} Qd6 {[%emt 0:00:02]} 14. Qd4 {[%emt 0:00:01]} a6 {[%emt 0:00:01]} 15. Rfd1 {[%emt 0:00:01]} Rac8 {[%emt 0:00:01]} 16. h3 {[%emt 0:00:01]} Nc5 {[%emt 0:00:01]} 17. Qe5 {[%emt 0:00:01]} Qxe5 {[%emt 0:00:01]} 18. Nxe5 {[%emt 0:00:00]} Nce4 {[%emt 0:00:01]} 19. Nxe4 {[%emt 0:00:04]} Nxe4 {[%emt 0:00:01]} 20. Rxc8 {[%emt 0:00:02]} Rxc8 {[%emt 0:00:02]} 21. Rxd5 {[%emt 0:00:01]} Rc1+ {[%emt 0:00:01]} 22. Kh2 {[%emt 0:00:01]} g6 {[%emt 0:00:06]} 23. f3 {[%emt 0:00:01]} Nf6 {[%emt 0:00:05]} 24. Rd2 {[%emt 0:00:01]} b5 {[%emt 0:00:03]} 25. Ng4 {[%emt 0:00:01]} Nh5 {[%emt 0:00:03]} 26. a3 {[%emt 0:00:03]} Kg7 {[%emt 0:00:01]} 27. Nf2 {[%emt 0:00:02]} Nf6 {[%emt 0:00:01]} 28. e4 {[%emt 0:00:01]} Rc5 {[%emt 0:00:01]} 29. Nd3 {[%emt 0:00:01]} Rc7 {[%emt 0:00:02]} 30. Nb4 {[%emt 0:00:01]} Nh5 {[%emt 0:00:02]} 31. Nxa6 {[%emt 0:00:02]} Ra7 {[%emt 0:00:03]} 32. Nb4 {[%emt 0:00:01]} Rb7 {[%emt 0:00:01]} 33. g3 {[%emt 0:00:03]} Nf6 {[%emt 0:00:01]} 34. Nd5 {[%emt 0:00:01]} Ne8 {[%emt 0:00:03]} 35. Kg2 {[%emt 0:00:03]} Nd6 {[%emt 0:00:01]} 36. b3 {[%emt 0:00:01] Zeit (Lag: Av=0.39s, max=1.4s)} 1-0

[Event "Stay Safe Play From Home 295"]
[Site "Emanuel Lasker Arena"]
[Date "2020.07.12"]
[Round "8"]
[White "Physikus"]
[Black "SoulofWolf"]
[Result "0-1"]
[WhiteElo "2050"]
[BlackElo "2239"]
[Annotator "TA"]
[PlyCount "74"]
[EventDate "2020.07.12"]
[EventType "swiss (blitz)"]

{[%evp 11,74,1,-4,-66,-55,-51,-63,-77,15,28,48,18,145,145,117,80,68,64,97,68,108,108,195,93,114,116,125,98,164,119,113,102,143,37,95,79,145,-385,-110,-108,-125,-894,-887,-1198,-1218,-29976,-29977,-2637,-1497,-1329,-1181,-29983,-1266,-1165,-1163,-29994,-29995,-29998,-1222,-29995,-29996,-29996,-29997,-29997,-29998]} 1. e4 c5 2. Nf3 e6 3. d4 a6 4. Be3 cxd4 5. Nxd4 b5 {[%cal Bb7b5,Bb5b4][%mdl 32]} 6. Nc3 Bb7 7. Qd2 {B43: Sicilian: Kan Variation: 5 Nc3.} (7. a3 $11) 7... b4 $15 8. Na4 Bxe4 {[#]} 9. f3 $146 {Black is slightly better.} ({Predecessor:} 9. Nb3 Nc6 10. Nac5 Bd5 11. O-O-O Nf6 12. f3 Be7 13. Qf2 O-O 14. Rg1 Ne5 15. Bd4 {0-1 (39) Filipovic,I (1983)-Swiercz,D (2281) Sibenik 2007}) 9... Bd5 (9... Bg6 $17) 10. Nb3 $11 Nc6 11. Nb6 {[%mdl 64] Double Attack} Rb8 (11... Bxb3 $11 12. axb3 (12. Nxa8 Bxc2 13. Qxc2 Qxa8 $16) 12... Ra7) 12. Nxd5 $16 exd5 13. Qxd5 {0-0-0 is the strong threat.} Nf6 14. Qd2 Be7 15. O-O-O O-O 16. Bxa6 d6 (16... Ra8 $16 17. Qe2 Qc7) 17. Bc4 (17. g4 $18) 17... Ra8 18. Kb1 Ne5 19. Bd5 Ra4 (19... Nxd5 $16 {was called for.} 20. Qxd5 Qc7) 20. Nc1 Nxd5 21. Qxd5 Ra5 22. Qd2 (22. Qb7 $16) 22... Qa8 (22... Nc4 $14 23. Qf2 Qc7) 23. Bf4 Nc4 (23... Rc8 $142) 24. Qd4 $2 {[%mdl 8192]} ({Don't blunder} 24. Qxb4 $2 Ra4 $19) (24. Qe2 $1 $16 {[%cal Re2c4] is forced if you want to stay better.} Ne5 25. Rd4) 24... Rc8 $2 (24... Qa6 $1 $19 {has better winning chances. And now ...Rxa2! would win.} 25. Qd3 Ra8) 25. Rhe1 $17 Bf6 $40 {[%mdl 128] Black wants a kill.} 26. Qe4 $2 {[%mdl 8192]} (26. Re8+ $17 Rxe8 27. Qxc4) 26... d5 $19 27. Qe2 Bxb2 28. Be5 Bxe5 29. Qxe5 Nxe5 30. Rxe5 h6 31. f4 {[#]} Qc6 (31... b3 $142 $1 32. cxb3 (32. axb3 Ra1+) 32... Qc6 33. Rde1 Qc2+ 34. Ka1 Rca8 35. Re8+ Rxe8 36. Rxe8+ {[#]} Kh7 $1 {[%mdl 512]} 37. a4 Qxc1+ {[%mdl 64] Double Attack} 38. Ka2 d4 39. g4 Rc5 40. Re2 d3 41. Rb2 d2 42. Ka3 d1=Q {[%mdl 64] Discovered Attack} 43. g5 Qa1+ 44. Ra2 Qdc1+ {[%mdl 64] Double Attack} 45. Kb4 Qd4#) 32. Rd2 Qc7 33. Rexd5 Rxd5 34. Rxd5 Rd8 (34... Qxc2+ $142 35. Ka1 Qxc1#) 35. Ka1 Rxd5 {Black mates.} 36. Kb2 Qc3+ 37. Kb1 {[#]} Rd1 $1 {Accuracy: White = 32%, Black = 32%.} 0-1

[Event "Stay Safe Play From Home 295"]
[Site "Emanuel Lasker Arena"]
[Date "2020.07.12"]
[Round "8"]
[White "Bardellosport"]
[Black "Haxhi Baha"]
[Result "1-0"]
[WhiteElo "1998"]
[BlackElo "2001"]
[PlyCount "59"]
[EventDate "2020.07.12"]
[EventType "swiss (blitz)"]

1. d4 {[%emt 0:00:01]} d5 {[%emt 0:00:01]} 2. e3 {[%emt 0:00:00]} e6 {[%emt 0:00:01]} 3. f4 {[%emt 0:00:00]} f6 {[%emt 0:00:02]} 4. Nf3 {[%emt 0:00:00]} Bd6 {[%emt 0:00:01]} 5. Bd3 {[%emt 0:00:00]} Ne7 {[%emt 0:00:01]} 6. Qe2 {[%emt 0:00:00]} f5 {[%emt 0:00:01]} 7. Nbd2 {[%emt 0:00:00]} O-O {[%emt 0:00:01]} 8. Ne5 {[%emt 0:00:00]} c5 {[%emt 0:00:01]} 9. c3 {[%emt 0:00:01]} cxd4 {[%emt 0:00:01]} 10. exd4 {[%emt 0:00:00]} Nbc6 {[%emt 0:00:00]} 11. Ndf3 {[%emt 0:00:00]} Ng6 {[%emt 0:00:02]} 12. Be3 {[%emt 0:00:00]} h6 {[%emt 0:00:00]} 13. Nxg6 {[%emt 0:00:01]} Be5 {[%emt 0:00:00]} 14. Ngxe5 {[%emt 0:00:00]} Nxe5 {[%emt 0:00:01]} 15. fxe5 {[%emt 0:00:00]} g5 {[%emt 0:00:01]} 16. O-O {[%emt 0:00:01]} f4 {[%emt 0:00:00]} 17. Bd2 {[%emt 0:00:01]} Qe7 {[%emt 0:00:01]} 18. Bc2 {[%emt 0:00:01]} Bd7 {[%emt 0:00:00]} 19. Qd3 {[%emt 0:00:00]} Rf7 {[%emt 0:00:01]} 20. b3 {[%emt 0:00:00]} Rg7 {[%emt 0:00:01]} 21. c4 {[%emt 0:00:01]} dxc4 {[%emt 0:00:02]} 22. bxc4 {[%emt 0:00:01]} Bc6 {[%emt 0:00:01]} 23. Bb3 {[%emt 0:00:02]} Rd8 {[%emt 0:00:01]} 24. d5 {[%emt 0:00:01]} exd5 {[%emt 0:00:02]} 25. cxd5 {[%emt 0:00:00]} Qc5+ {[%emt 0:00:01]} 26. Kh1 {[%emt 0:00:02]} Bxd5 {[%emt 0:00:00]} 27. Rac1 {[%emt 0:00:01]} Qe7 {[%emt 0:00:07]} 28. Bxd5+ {[%emt 0:00:02]} Kh8 {[%emt 0:00:01]} 29. Bc3 {[%emt 0:00:01]} Rxd5 {[%emt 0:00:04]} 30. Qxd5 {[%emt 0:00:01] Haxhi Baha resigns (Lag: Av=0.80s, max=3.4s)} 1-0

[Event "Stay Safe Play From Home 295"]
[Site "Emanuel Lasker Arena"]
[Date "2020.07.12"]
[Round "8"]
[White "W Nelles"]
[Black "Cirovicz"]
[Result "0-1"]
[WhiteElo "1069"]
[BlackElo "1909"]
[PlyCount "50"]
[EventDate "2020.07.12"]
[EventType "swiss (blitz)"]

1. e4 {[%emt 0:00:02]} e5 {[%emt 0:00:01]} 2. Nf3 {[%emt 0:00:01]} Nc6 {[%emt 0:00:01]} 3. Bc4 {[%emt 0:00:01]} d6 {[%emt 0:00:00]} 4. O-O {[%emt 0:00:01]} Bg4 {[%emt 0:00:02]} 5. c3 {[%emt 0:00:01]} Be7 {[%emt 0:00:01]} 6. h3 {[%emt 0:00:01]} Bh5 {[%emt 0:00:01]} 7. g4 {[%emt 0:00:01]} Bg6 {[%emt 0:00:01]} 8. d3 {[%emt 0:00:02]} h5 {[%emt 0:00:01]} 9. Nh2 {[%emt 0:00:04]} hxg4 {[%emt 0:00:01]} 10. Qxg4 {[%emt 0:00:01]} Nh6 {[%emt 0:00:05]} 11. Qg2 {[%emt 0:00:02]} Na5 {[%emt 0:00:04]} 12. b3 {[%emt 0:00:02]} Nxc4 {[%emt 0:00:01]} 13. dxc4 {[%emt 0:00:01]} Qd7 {[%emt 0:00:01]} 14. Be3 {[%emt 0:00:02]} O-O-O {[%emt 0:00:02]} 15. Nd2 {[%emt 0:00:02]} Bh7 {[%emt 0:00:02]} 16. Rad1 {[%emt 0:00:02]} g5 {[%emt 0:00:01]} 17. f3 {[%emt 0:00:06]} f5 {[%emt 0:00:02]} 18. exf5 {[%emt 0:00:02]} Bxf5 {[%emt 0:00:01]} 19. Rf2 {[%emt 0:00:04]} Bxh3 {[%emt 0:00:01]} 20. Qg3 {[%emt 0:00:04]} Nf5 {[%emt 0:00:01]} 21. Bxa7 {[%emt 0:00:10]} Nxg3 {[%emt 0:00:02]} 22. Ne4 {[%emt 0:00:02]} Nxe4 {[%emt 0:00:01]} 23. fxe4 {[%emt 0:00:01]} Be6 {[%emt 0:00:04]} 24. c5 {[%emt 0:00:01]} Rxh2 {[%emt 0:00:02]} 25. Rxh2 {[%emt 0:00:02]} dxc5 {[%emt 0:00:02] Zeit (Lag: Av=0.88s, max=3.5s)} 0-1

[Event "Stay Safe Play From Home 295"]
[Site "Emanuel Lasker Arena"]
[Date "2020.07.12"]
[Round "9"]
[White "Mepe_Nika"]
[Black "Physikus"]
[Result "1-0"]
[WhiteElo "2365"]
[BlackElo "2042"]
[Annotator "TA"]
[PlyCount "125"]
[EventDate "2020.07.12"]
[EventType "swiss (blitz)"]

{[%evp 16,124,0,12,38,24,37,18,35,26,20,10,21,7,15,3,4,0,13,0,27,0,27,34,31,14,22,6,15,17,56,56,46,47,246,228,391,58,58,65,60,61,64,0,0,-13,104,104,119,87,87,87,103,104,118,118,247,234,230,218,599,572,553,524,12845,12845,12845,12843,12844,12843,12841,511,12841,12837,12845,12839,12845,12845,12846,12840,12849,12850,12850,27999,12851,27999,27998,27999,27998,27998,27999,27999,27993,27993,27996,27994,27995,27993,27995,27995,27996,27996,27997,27996,27997,27997,27998,27998,27999,27999,27999]} 1. d4 Nf6 2. Bf4 g6 3. e3 Bg7 4. Nf3 O-O 5. h3 d6 6. Be2 e6 7. O-O b6 8. c4 Bb7 9. Nc3 Nbd7 {A48: 1 d4 Nf6 2 Nf3 g6: Torre, London and Colle Systems.} 10. Nd2 {10.Bh2 is becoming the main line.} Re8 11. Bf3 {[#]} Bxf3 $146 {The position is equal.} ({Predecessor:} 11... d5 12. cxd5 Nxd5 13. Bxd5 Bxd5 14. Nxd5 exd5 15. Nf3 c5 16. Qd2 Nf6 17. dxc5 Ne4 {½-½ (45) Sherwood,R (1626)-Ghisi,S (1600) IECG email 2004}) 12. Nxf3 e5 13. Bh2 exd4 14. exd4 Ne4 15. Nxe4 Rxe4 16. Re1 Qe8 17. Qd2 Rd8 18. Bg3 Rxe1+ 19. Rxe1 Qf8 20. b4 Re8 21. a4 Rxe1+ 22. Qxe1 Qc8 23. Qe4 Nf6 24. Qc6 {Threatens to win with Bxd6!} h6 $2 {[#]} (24... Bf8 $14) 25. Bxd6 $1 $18 {[%mdl 576] Pin} Ne4 $2 (25... Ne8 {might work better.}) (25... cxd6 26. Qxc8+) 26. Qxc7 $2 ({Less strong is} 26. Qxe4 cxd6 27. Qd5 Bf8 $16) (26. Bxc7 $18 Bf8 27. Qxe4 Qxc7 28. c5) 26... Nxd6 $14 27. Qxd6 {aiming for c5.} Qxc4 28. g3 Qb3 29. Kg2 (29. Qd8+ $1 $14 Bf8 30. Ne5) 29... Qxa4 $11 30. d5 Qe8 (30... Bf8 $11 31. Qc7 Qxb4 32. Qxa7 b5) 31. Qc7 $36 {[%mdl 2048] White is in control.} a5 32. bxa5 bxa5 33. Qxa5 Qd7 34. Qc5 Bf6 35. Qc6 Qd8 (35... Qe7 $16 {is a better defense.} 36. g4 Kf8) 36. d6 $18 Kg7 37. d7 Be7 $2 (37... Qa5 {is more resistant.} 38. Qd6 Qa8) 38. h4 Bf6 39. g4 Bxh4 40. Nxh4 Qxh4 {[%mdl 4096] Endgame KQ-KQ} 41. Qc3+ Kh7 42. Qd4 Qd8 43. f4 (43. Qd5 $142 Kg8 44. Qc6) 43... h5 (43... f6 $142 44. Kg3 Kg8) 44. gxh5 gxh5 45. Kh3 Kh6 46. Qd5 {[#] Intending Qg5+ and mate.} f6 47. Qe6 Kg6 48. Qe8+ Qxe8 49. dxe8=Q+ Kf5 50. Kh4 Kxf4 {White mates.} 51. Qf7 f5 52. Kxh5 Ke5 53. Kg5 f4 54. Qxf4+ Ke6 55. Qf5+ Kd6 56. Qf6+ Kd7 57. Kf4 Kc7 58. Ke5 Kd7 59. Qd6+ Kc8 60. Qe7 Kb8 61. Kd6 Ka8 62. Kc6 Kb8 63. Qb7# {Accuracy: White = 74%, Black = 48%.} 1-0

[Event "Stay Safe Play From Home 295"]
[Site "Emanuel Lasker Arena"]
[Date "2020.07.12"]
[Round "9"]
[White "SoulofWolf"]
[Black "Cirovicz"]
[Result "0-1"]
[WhiteElo "2248"]
[BlackElo "1909"]
[Annotator "TA"]
[PlyCount "72"]
[EventDate "2020.07.12"]
[EventType "swiss (blitz)"]

{[%evp 9,72,40,150,0,8,0,1,-73,-58,-75,-39,-40,-40,-55,-24,-38,44,0,0,-14,0,0,-7,0,37,30,501,302,554,534,585,502,550,444,431,433,466,473,612,429,406,-406,-370,-669,-652,-995,-1019,-968,-939,-1126,-1043,-29990,-29992,-29998,-29995,-29995,-29992,-29993,-29993,-29993,-22,-22,-22,-349,-196]} 1. Nf3 d5 2. c4 c6 3. e3 dxc4 4. b3 Nf6 5. Bxc4 {[#]} Bg4 $146 {[#]} (5... Bf5 $14) ({Predecessor:} 5... Bf5 6. Ba3 Nbd7 7. Qc1 Bg4 8. d4 Bxf3 9. gxf3 g6 10. Nd2 Bg7 11. f4 O-O 12. Rb1 {0-1 (55) Wegerer,F (2217)-Lipinsky,F (2390) Bad Wiessee 2001}) 6. a4 {A11: English Opening: 1...c6.} (6. Ne5 $1 $16 {[%csl Ge5][%cal Rc4f7][%mdl 512]} Be6 7. Bxe6 fxe6 8. d4) 6... Nbd7 $11 7. Bb2 e5 8. d4 (8. h3 $11 Bxf3 9. Qxf3) 8... e4 {White must now prevent ...Bh5.} 9. h3 $1 {[%cal Rh3g4]} exf3 10. hxg4 fxg2 11. Rg1 Bb4+ 12. Bc3 Nd5 (12... Qa5 $15 13. Bxb4 Qxb4+ 14. Nd2 c5) 13. Bxb4 ({White should play} 13. Bxd5 $14 Bxc3+ 14. Nxc3 cxd5 15. Qd3) 13... Nxb4 14. Rxg2 Qh4 15. Nc3 Qh1+ 16. Bf1 Nf6 17. Qd2 Nh5 $2 {[%mdl 8192]} (17... Nfd5 $11 {and Black is okay.}) 18. O-O-O Qh4 $2 (18... Nf6 19. f3 Nfd5) 19. gxh5 $18 Qxh5 20. Ne2 Nd5 21. Nf4 Nxf4 22. exf4 O-O-O 23. Rxg7 Qf3 24. Rxf7 Qxb3 25. Qc2 $4 {[%mdl 8192]} (25. Rg7 $18 {and all is fine.}) 25... Qxf7 $19 26. Bc4 $2 (26. f5) 26... Qxf4+ {[%mdl 64] Double Attack} 27. Kb2 Rxd4 28. Rxd4 Qxd4+ {[%mdl 4096] Endgame KQR-KQB} 29. Kb3 Rf8 {Strongly threatening ...Rf3+.} 30. Qxh7 Rf3+ 31. Kb4 {[#]} a5+ $1 {[%mdl 64] Decoy} 32. Kxa5 Qc5+ 33. Bb5 Qa7+ 34. Kb4 cxb5 $2 (34... Qd4+ {mates} 35. Bc4 c5+ 36. Ka5 Qc3+ 37. Kb6 Qb4+ {[%mdl 64] Double Attack} 38. Bb5 Rf6+ 39. Ka7 Qa5+ 40. Ba6 Rxa6#) 35. Qg8+ $11 {[#]} Kc7 $1 36. Qg7+ $2 {[%mdl 8192] [#]} (36. Qh7+ $11 Kd6 37. Qg6+ Ke5 38. Qg5+ Ke4 39. Qg6+ Ke5 40. Qg5+ Ke6 41. Qg8+ Ke7 42. Qg5+ Rf6 43. Qe5+ Kf7 44. Qh5+ Kf8 45. Qh8+ Ke7 46. Qh7+ Rf7 47. Qh4+ Rf6 48. Qh7+ Kd6 49. Qd3+ Ke7 50. Qh7+) 36... Kd6 $1 {What a bad dream for White. Accuracy: White = 37%, Black = 39%.} 0-1

[Event "Stay Safe Play From Home 295"]
[Site "Emanuel Lasker Arena"]
[Date "2020.07.12"]
[Round "9"]
[White "Bardellosport"]
[Black "W Nelles"]
[Result "1-0"]
[WhiteElo "2016"]
[BlackElo "1069"]
[PlyCount "37"]
[EventDate "2020.07.12"]
[EventType "swiss (blitz)"]

1. d4 {[%emt 0:00:01]} Nf6 {[%emt 0:00:02]} 2. e3 {[%emt 0:00:00]} e5 {[%emt 0:00:02]} 3. f4 {[%emt 0:00:00]} exd4 {[%emt 0:00:01]} 4. exd4 {[%emt 0:00:03]} d6 {[%emt 0:00:01]} 5. c3 {[%emt 0:00:00]} Qe7+ {[%emt 0:00:01]} 6. Be2 {[%emt 0:00:01]} Bg4 {[%emt 0:00:01]} 7. Nf3 {[%emt 0:00:01]} Bxf3 {[%emt 0:00:01]} 8. gxf3 {[%emt 0:00:00]} Nd5 {[%emt 0:00:01]} 9. O-O {[%emt 0:00:01]} Nd7 {[%emt 0:00:01]} 10. Nd2 {[%emt 0:00:01]} O-O-O {[%emt 0:00:01]} 11. Nc4 {[%emt 0:00:01]} f6 {[%emt 0:00:00]} 12. Bd2 {[%emt 0:00:02]} b5 {[%emt 0:00:00]} 13. Na3 {[%emt 0:00:02]} a6 {[%emt 0:00:02]} 14. c4 {[%emt 0:00:02]} bxc4 {[%emt 0:00:04]} 15. Nxc4 {[%emt 0:00:01]} N5b6 {[%emt 0:00:01]} 16. Nxb6+ {[%emt 0:00:01]} cxb6 {[%emt 0:00:01]} 17. Rc1+ {[%emt 0:00:00]} Kb7 {[%emt 0:00:01]} 18. Qa4 {[%emt 0:00:02]} Ra8 {[%emt 0:00:03]} 19. Qc6+ {[%emt 0:00:02] W Nelles gibt auf (Lag: Av=0.58s, max=0.9s)} 1-0

[Event "Stay Safe Play From Home 295"]
[Site "Emanuel Lasker Arena"]
[Date "2020.07.12"]
[Round "9"]
[White "Mamba2001de"]
[Black "Broken sword"]
[Result "0-1"]
[WhiteElo "1478"]
[BlackElo "2509"]
[Annotator "NA"]
[PlyCount "66"]
[EventDate "2020.07.12"]
[EventType "swiss (blitz)"]

1. e4 {[%emt 0:00:01]} c5 {[%emt 0:00:01]} 2. Nf3 {[%emt 0:00:01]} e6 {[%emt 0:00:00]} 3. c3 {[%emt 0:00:01]} a6 {[%emt 0:00:00]} 4. e5 {[%emt 0:00:01]} d5 {[%emt 0:00:01]} 5. d4 {[%emt 0:00:01]} cxd4 {[%emt 0:00:01]} 6. cxd4 {[%emt 0:00:01]} Nc6 {[%emt 0:00:00]} 7. Bd3 {[%emt 0:00:01]} Nge7 {[%emt 0:00:00]} 8. O-O {[%emt 0:00:01]} Nf5 {[%emt 0:00:00]} 9. Be3 {[%emt 0:00:02]} Nxe3 {[%emt 0:00:01]} 10. fxe3 {[%emt 0:00:01]} Qb6 {[%emt 0:00:00]} 11. b3 {[%emt 0:00:03]} Be7 {[%emt 0:00:01]} 12. Nc3 {[%emt 0:00:02]} Bd7 {[%emt 0:00:01]} 13. Na4 {[%emt 0:00:01]} Qc7 {[%emt 0:00:01]} 14. Nc5 {[%emt 0:00:01]} Bc8 {[%emt 0:00:00]} 15. Rc1 {[%emt 0:00:01]} b6 {[%emt 0:00:00]} 16. Na4 {[%emt 0:00:02]} Qb7 {[%emt 0:00:01]} 17. Nb2 {[%emt 0:00:01]} Bd7 {[%emt 0:00:01]} 18. h3 {[%emt 0:00:02]} Nb4 {[%emt 0:00:01]} 19. Bb1 {[%emt 0:00:02]} Rc8 {[%emt 0:00:01]} 20. Rxc8+ {[%emt 0:00:04]} Bxc8 {[%emt 0:00:00]} 21. Qe1 {[%emt 0:00:01]} g6 {[%emt 0:00:02]} 22. Qg3 {[%emt 0:00:01]} Bd7 {[%emt 0:00:02]} 23. h4 {[%emt 0:00:02]} h6 {[%emt 0:00:02]} 24. h5 {[%emt 0:00:02]} g5 {[%emt 0:00:01]} 25. Nh2 {[%emt 0:00:02]} Bb5 {[%emt 0:00:05]} 26. Ng4 {[%emt 0:00:02]} Bxf1 {[%emt 0:00:01]} 27. Kxf1 {[%emt 0:00:01]} Qc7 {[%emt 0:00:01]} 28. Nd3 {[%emt 0:00:13]} Nxd3 {[%emt 0:00:03]} 29. Bxd3 {[%emt 0:00:01]} Qc1+ {[%emt 0:00:00]} 30. Kf2 {[%emt 0:00:01]} Qd2+ {[%emt 0:00:01]} 31. Be2 {[%emt 0:00:01]} a5 {[%emt 0:00:02]} 32. Nf6+ {[%emt 0:00:01]} Bxf6 {[%emt 0:00:01]} 33. exf6 {[%emt 0:00:01]} O-O {[%emt 0:00:00] Zeit (Lag: Av=0.53s, max=4.4s)} 0-1